000 00594nam a2200193Ia 4500
003 GCL
008 140319s9999 xx 000 0 ara d
040 _aGCL /
_cGCL
082 0 4 _a620.12
_bع ت
100 1 _aعماد تنبكجى
245 1 0 _aتصميم وحساب عناصر المنشآت الخشبية /
_cعماد تنبكجى
300 _a96 ص
490 _aمختصر العلوم الهندسية
_v0
650 0 4 _aالهندسة
650 0 4 _aالخشب
650 0 4 _aالمنشآت الخشبية
650 0 4 _aالمنشآت الخشبية - تصميم
942 _2ddc
_cBK
999 _c49114
_d49114